000 00420nam a2200145Ia 4500
008 220217s9999||||xx |||||||||||||| ||und||
020 _a81-203-1621-5
082 _a004.2 RAJ
100 _aRajaraman, V Murthy, Siva Rama
_92023
245 0 _aParallel computers: architecture and programming
250 _a3rd
260 _aTata mcgraw hill
_bNew Delhi
_c2001
300 _b175
650 _aCOMPUTER ARCHITECTURE
999 _c167942
_d167942